01199 a2200181 4500003000500000005001700005010001600022020001500038040000900053082001200062100002500074245010100099260005300200300003300253505068600286650002000972650002500992Nust20220720122526.0 a 88032435 a0135368146 cNust00a003,DEC1 aDeCarlo, Raymond A.,10aLinear systems :ba state variable approach with numerical implementation /cRaymond A. DeCarlo. aEnglewood Cliffs, N.J. :bPrentice Hall,cc1989. axv, 495 p. :bill. ;c25 cm. aBasic Concepts, Vocabulary and Notational (Page-1), State Models (Page-23), Linear State Models for Lumped Systems (Page-34), State Models from Ordinary Differential Equations (Page-50), State Models from Ordinary Differential Equations II (Page-64), introduction to numerical Computation and Gaussian Elimination (Page-86), Newton-Raphson Techniques (Page-106), Digital simulation of State Models (Page-117), Linear Discrete –Time State Models: Basic and Parallels With Continuous Time case (Page-141), Existence and Uniqueness of State Trajectories (Page-157), The solution of x(f) = and The state Transition Matrix (Page-173), The Disturbance Decoupling Problem (Page-474)  0aLinear systems. 0aState-space methods.